Ecosystems

In part 1, the naturalist tradition of Henry David Thoreau is contrasted with the hard science tradition of modern quantitative ecology. Features new footage from Walden Pond and from Silver Springs, Florida, where Eugene and Howard Odum did their pioneering studies in the 1950s. In part 2, the pr...

Full description

Corporate Author: Hawkhill Associates
Other Authors: Stonebarger, Bill
Published: Madison, WI.: Hawkhill Associates, Inc., 2005.
Subjects:
LEADER 01131cam a2200205 7i4500
001 0000060608
005 20090622090000.0
008 080219
090 0 0 |a QH 541   |b .E2 2005 
245 0 0 |a Ecosystems   |c written and produced by Bill Stonebarger. 
260 0 0 |a Madison, WI.:   |b Hawkhill Associates, Inc.,   |c 2005. 
300 |a 1 videodisc (40 min.):   |b sd.,col.;   |c 4 3/4 in. 
505 0 0 |a Pt. 1. From nature study to ecology -- Pt. 2. The web of life 
520 0 0 |a In part 1, the naturalist tradition of Henry David Thoreau is contrasted with the hard science tradition of modern quantitative ecology. Features new footage from Walden Pond and from Silver Springs, Florida, where Eugene and Howard Odum did their pioneering studies in the 1950s. In part 2, the program carefully outlines concepts used by ecologists to study ecosystems today. Includes a look at how human values play key roles in environmental choices 
538 0 0 |a DVD 
650 0 0 |a Ecology  
650 0 0 |a Nature conservation  
700 1 1 |a Stonebarger, Bill  
710 2 1 |a Hawkhill Associates  
999 |a 1100063509  |b Digital Video Disc  |c Bahan Sumber Media  |e BILIK BAHAN SUMBER MEDIA